00388nam a2200133Ia 4500008004100000020002100041041000800062082001900070100001600089245008400105260004500189300000800234365001200242140306s9999 xx 000 0 und d a81 242 0131 5 aeng a658bNEW/EN-20 aNewby, Tony aEncyclopaedia of practical management training : validating your training V .20 aNew DelhibCrest Publishing Housec 1998 a118 bRs .470